[Event "EU-ch 6th"]
[Site "Warsaw"]
[Date "2005.06.27"]
[Round "9"]
[White "Georgiev, Kiril"]
[Black "Mchedlishvili, Mikheil"]
[Result "1-0"]
[WhiteElo "2666"]
[BlackElo "2518"]
[Annotator "Huebner,R"]
[PlyCount "67"]
[EventDate "2005.06.18"]
[EventType "swiss"]
[EventRounds "13"]
[EventCountry "POL"]
[SourceTitle "CBM 108"]
[Source "ChessBase"]
[SourceDate "2005.09.26"]
[SourceVersion "1"]
[SourceVersionDate "2005.09.26"]
[SourceQuality "1"]

1. Nf3 d5 2. d4 Nf6 3. Bf4 c6 4. e3 Bg4 5. c4 Nbd7 6. Qb3 Qb6 7. Nc3 dxc4 (7...
Bxf3 8. gxf3 e6 {sieht plausibler aus.} 9. c5 Qxb3 10. axb3 a6 11. b4 Rc8 {
braucht Schwarz nicht zu fürchten.}) 8. Bxc4 e6 9. Qc2 Be7 (9... Bxf3 10. gxf3
Be7 {verdient Erwägung.}) 10. Ne5 Nxe5 11. Bxe5 O-O 12. O-O Bh5 13. a3 a5 14.
Rac1 Bg6 15. Qe2 Nd7 16. Bg3 a4 17. e4 Rfe8 18. Rfd1 Qa5 19. Ba2 Rac8 20. f3 {
Weiß hat das bequemere Spiel; er kontrolliert das Zentrum, und Schwarz kann
nichts unternehmen. Es ist aber keineswegs einfach, den Vorteil auszubauen.} b5
{Dies schafft Schwächen.} (20... Bf8 {mit der Idee, gegebenenfalls e6-e5 oder
f7-f6 nebst Lg6-f7 zu spielen, gefällt mir besser.}) 21. Be1 b4 $6 (21... Bd6 {
kommt in Betracht, desgleichen}) (21... Qa7 {oder ähnliche verhaltene Züge.})
22. Nb1 $6 (22. axb4 Bxb4 23. Ra1 {verschafft dem Weißen einigen Vorteil.})
22... c5 $1 ({Die Fortsetzung} 22... Qb6 23. Bxb4 Bxb4 24. axb4 Qxb4 25. Rc4
Qa5 26. Qc2 Nb6 27. Rc5 {ist höchst unerfreulich für Schwarz und zeigt die
Schattenseiten des Schwarzen Vorgehens deutlich auf.}) 23. dxc5 Bxc5+ 24. Kh1
Ne5 {Dies ist durchaus befriedigend für Schwarz, denn der scharfe
Widerlegungsversuch des eißen sollte bei richtigem Spiel nicht zum Ziele
führen. Ich bespreche die übrigen Springerzüge:} (24... Nb6 {sieht zwar
verdächtig aus, weil Schwarz nun die Fesselung des Bauern auf b4 nicht mehr
aufheben kann, aber die Figuren des Weißen stehen passiv, und er kann seine
Stellung nicht verbessern;} 25. Qd2 {wird mit} Qa6 {pariert.}) (24... Nf8 25.
Rc4 {ist nicht ratsam für Schwarz.}) (24... Nb8 {ist dagegen auch spielbar;}
25. Rc4 Nc6 (25... Na6 26. Rdc1 Rb8 {dürfte auch gehen.}) 26. Rdc1 Qa6 {
ist für Schwarz in Ordnung.}) (24... Nf6 25. Qc4 Qa8 26. Qb5 {ist ebenfalls
riskant für Schwarz, denn} Nxe4 27. fxe4 Bxe4 28. Rxc5 {schlägt nicht durch.})
25. f4 Nc6 26. f5 exf5 27. Rd5 Rxe4 $2 (27... Qa8 28. Rdxc5 b3 {führt zu
befriedigendem Spiel für Schwarz.}) (27... Qb6 28. Rdxc5 b3 {ist ähnlich.}) (
27... Nd4 {ist dagegen auch nicht zureichend:} 28. Qc4 Qa7 29. Bxb4 Bxb4 30.
Qxc8 Rxc8 31. Rxc8+ Bf8 32. Rdd8 Qe7 33. Re8 {, und Weiß gewinnt.}) 28. Qf1 Qa8
(28... Qb6 29. Rdxc5 b3 30. Nd2 bxa2 31. Nxe4 fxe4 32. Qc4 {kommt auf das
Gleiche hinaus.}) 29. Rdxc5 b3 30. Nd2 bxa2 31. Nxe4 fxe4 32. Qc4 e3 (32... h6
33. Qxa2 Ne7 {ist natürlich zäher, aber Schwarz steht auf Verlust.}) 33. Qxa2
Be4 34. Qc4 1-0

[Event "YUG-ch53"]
[Site "Belgrade "]
[Date "1998.03.27"]
[Round "13"]
[White "Djuric, Stefan"]
[Black "Ivanisevic, Ivan"]
[Result "1/2-1/2"]
[WhiteElo "2520"]
[BlackElo "2460"]
[Annotator "Huebner,R"]
[PlyCount "251"]
[EventDate "1998.03.14"]
[EventType "tourn"]
[EventRounds "15"]
[EventCountry "YUG"]
[EventCategory "10"]
[SourceTitle "CBM 064"]
[Source "ChessBase"]
[SourceDate "1998.06.02"]
[SourceVersion "1"]
[SourceVersionDate "1998.06.02"]
[SourceQuality "1"]

1. d4 d5 2. Nf3 Nf6 3. c4 c6 4. Qc2 g6 5. Bf4 Na6 6. cxd5 (6. e3 Bg7 7. Nc3 Qa5
8. Qd2 O-O 9. a3 Be6 10. cxd5 cxd5 11. h3 Rac8 12. Be2 Qb6 $14 {Epishin,
V-Tukmakov,V/Bern op 1991/1-0 (44)}) 6... Nxd5 7. Bd2 Bg7 8. a3 Bg4 (8... f5 $5
) 9. Ne5 Be6 10. e3 c5 $2 {Dieses Bauernopfer dürfte kaum korrekt sein.
Richtig war} (10... Nac7 {mit etwa gleichem Spiel; auch}) (10... Qb6 {kam in
Betracht.}) 11. Bb5+ Kf8 12. Bxa6 bxa6 13. e4 $4 {Danach kommt Weiß in
Nachteil; der Zug ist hier noch viel schlechter als in der Grundstellung. Nach}
(13. Qxc5 $16 {hat Schwarz keinen Ersatz für den aufgegebenen Bauern.}) 13...
cxd4 14. exd5 ({Die Fortsetzung} 14. Nc6 Qd6 15. exd5 Bxd5 16. Nb4 Bxg2 17. Rg1
Qe6+ {ist ganz fatal für Weiß.}) 14... Qxd5 $2 (14... Bf5 15. Nd3 Qxd5 16. O-O
Qb5 {führte zum sofortigen Gewinn.}) 15. Nf3 Rc8 (15... Bf5 16. Qd1 Bd3 17. Bg5
Qe4+ 18. Kd2 Bb5 19. a4 {gibt dem Schwarzen nicht mehr als unentschieden.}) 16.
Qd1 (16. Qd3 Qb7 {ist nicht besser für Weiß.}) 16... Qe4+ $2 (16... Qb7 {
war auch hier sehr stark:} 17. Bb4 Bb3 18. Qxb3 Rc1+ 19. Kd2 Bh6+ 20. Kd3 Qb5+
21. Kxd4 Qd7+ 22. Qd5 Bg7+ 23. Ne5 Bxe5+ 24. Kxe5 Qf5+ 25. Kd4 Rxh1 26. Qxf5
gxf5 27. g3 Rg8 {Weiß verliert den Springer auf b1 und die Partie.}) 17. Kf1
Qd3+ $2 {Schwarz verbessert die Königsstellung des Gegners. Nach} (17... Qc2
18. Nc3 Qxb2 19. Ne4 Bd5 20. Ng3 h5 {hat Weiß noch immer gewaltige
Schwierigkeiten.}) 18. Kg1 Qc2 19. Nc3 dxc3 (19... Qxb2 20. Ne4 (20. Na4 Qb3
21. Qxb3 Bxb3 22. Nb2 d3 23. Rc1 {kommt ebenfalls in Betracht.}) 20... Bd5 21.
Rc1 {erlaubt dem Weißen jetzt Gegenspiel.}) 20. Qxc2 cxb2 21. Qxc8+ Bxc8 22.
Rd1 Bf5 23. Bc1 bxc1=Q 24. Rxc1 Bb2 25. Rc7 Bxa3 26. Rxa7 Kg7 27. Rxa6 {
Es ist eine klare Remisstellung entstanden.} Rb8 {Selbst dieser Zug genügt
nicht zum Verlust.} 28. g4 Bxg4 29. Rxa3 Rb1+ 30. Kg2 Bh3+ 31. Kxh3 Rxh1 32.
Re3 e6 33. Ra3 Kf6 34. Ra7 h6 35. Kg2 Rd1 36. h3 Rd5 37. Nh2 h5 38. Nf3 g5 39.
h4 gxh4 40. Nxh4 Rd4 41. Kg3 Rg4+ 42. Kh3 Rf4 43. Ra2 Kg5 44. Ng2 Rf3+ 45. Kh2
e5 46. Re2 f5 47. Ne1 Rf4 48. Ng2 Rf3 49. Ne1 Rf4 50. Rxe5 Rxf2+ {
Weiterspielen ist nicht besonders sinnvoll; die Verteidigung ist gar zu
einfach für die materiell schwächere Partei.} 51. Kg3 Ra2 52. Nf3+ Kf6 53. Rd5
Ke6 54. Rb5 Ra4 55. Rb6+ Kd5 56. Rh6 Rg4+ 57. Kf2 Ra4 58. Rxh5 Ke4 59. Nd2+ Kd3
60. Nf1 Rf4+ 61. Kg2 Ke4 62. Nh2 Ke3 63. Nf1+ Ke4 64. Ng3+ Ke5 65. Rg5 Kf6 66.
Rg8 Rg4 67. Rf8+ Ke6 68. Kf3 Rg5 69. Ne2 Rg4 70. Nf4+ Ke5 71. Re8+ Kd4 72. Ne2+
Kd5 73. Ng3 Rg5 74. Nf1 Kd4 75. Kf4 Rg4+ 76. Kxf5 {Wenn Schwarz sorgfältig
spielt, dürfte Weiß den gegnerischen König nicht einmal an den Rand treiben
können.} Rg2 77. Rd8+ Kc5 78. Ne3 Re2 79. Ke4 Kc6 80. Rh8 Kc5 81. Rh6 Rf2 82.
Rh5+ Kc6 83. Nc4 Rg2 84. Ne5+ Kd6 85. Rh6+ Kc5 86. Rc6+ Kb5 87. Rc1 Re2+ 88.
Kd4 Rd2+ 89. Nd3 Kb6 90. Rc3 Rd1 91. Kd5 Rd2 92. Kd6 Kb5 93. Kc7 Rh2 94. Rc5+
Ka4 95. Rc6 Kb5 96. Rc1 Rh6 97. Ne5 Kb4 98. Nc6+ Kb5 99. Rb1+ Kc5 100. Rc1+ Kb5
101. Na7+ Kb4 102. Nc8 Rh7+ 103. Kc6 Rh6+ 104. Nd6 Rg6 105. Kd5 Rh6 106. Ne4
Kb3 107. Kd4 Rh4 108. Rc8 Kb2 109. Rg8 Kb3 110. Rg1 Kc2 111. Rg3 Kb2 112. Re3
Rh2 113. Kc4 Rc2+ 114. Nc3 Rh2 115. Nb5 Rc2+ 116. Nc3 Rh2 117. Ne2 Kc2 118.
Nd4+ Kb2 119. Rg3 Rh4 120. Rg2+ Kc1 121. Rf2 Kd1 122. Kd3 Ke1 123. Rf3 Rh1 124.
Nc2+ Kd1 125. Re3 Kc1 126. Kc3 1/2-1/2

[Event "RUS-Cup3"]
[Site "Omsk"]
[Date "1996.??.??"]
[Round "6"]
[White "Vaulin, Alexander"]
[Black "Mukhametov, Eldar"]
[Result "1-0"]
[WhiteElo "2485"]
[BlackElo "2485"]
[Annotator "Huebner,R"]
[PlyCount "89"]
[EventDate "1996.12.13"]
[EventType "swiss"]
[EventRounds "9"]
[EventCountry "RUS"]
[SourceTitle "CBM 057"]
[Source "ChessBase"]
[SourceDate "1997.04.01"]
[SourceVersion "1"]
[SourceVersionDate "1997.04.01"]
[SourceQuality "1"]

1. c4 c6 2. d4 d5 3. Nf3 Nf6 4. Nbd2 Bf5 5. g3 e6 6. Bg2 h6 7. O-O Nbd7 8. b3
Bd6 9. Bb2 O-O 10. a3 a5 11. c5 Bc7 12. b4 a4 {Dieser Zug begeistert mich
nicht. Der Bauer bleibt auf diesem Felde anfällig. Zudem sehe ich die Funktion
des Vorstoßes nicht.} 13. Re1 Ne4 14. Nxe4 Bxe4 15. Bf1 Bh7 16. e3 Re8 17. Rc1
e5 18. Nxe5 Nxe5 19. dxe5 Bxe5 20. Bxe5 Rxe5 21. Qd4 Re4 22. Qb2 Qd7 23. Red1
Rae8 24. Rd4 Rxd4 25. Qxd4 Be4 26. Be2 Qh3 27. f3 Bg6 28. Bf1 Qf5 29. Kf2 Qd7
$2 (29... Qe6 $14) 30. e4 Rd8 31. Rd1 {Jetzt kann sich Schwarz nicht mehr ohne
größere Konzessionen aus der Fesselung befreien.} Qe7 32. Bc4 Re8 33. exd5 cxd5
34. Bb5 Rd8 35. Re1 Qg5 36. Bxa4 Ra8 37. b5 Qh5 38. h4 (38. Kg2 {war sicherer.}
) 38... Bf5 (38... Qf5 {leistete mehr Widerstand; es droht 39...Dh3.}) 39. Re5
Qg6 40. Rxd5 Qe6 41. Qe5 Qxe5 42. Rxe5 Bd3 43. b6 Rxa4 44. Re8+ Kh7 45. c6 1-0

[Event "Moscow Aeroflot op-A"]
[Site "Moscow"]
[Date "2005.02.21"]
[Round "7"]
[White "Eljanov, Pavel"]
[Black "Wang, Yue"]
[Result "1-0"]
[WhiteElo "2643"]
[BlackElo "2549"]
[Annotator "Huebner,R"]
[PlyCount "57"]
[EventDate "2005.02.15"]
[EventType "swiss"]
[EventRounds "9"]
[EventCountry "RUS"]
[SourceTitle "CBM 106"]
[Source "ChessBase"]
[SourceDate "2005.06.06"]
[SourceVersion "1"]
[SourceVersionDate "2005.06.06"]
[SourceQuality "1"]

1. d4 d5 2. c4 c6 3. Nf3 Nf6 4. e3 a6 5. Qc2 Bg4 6. Ne5 Bh5 7. Qb3 (7. Bd3 e6
8. Nd2 Nbd7 9. Ndf3 Nxe5 10. Nxe5 Nd7 11. Nxd7 Qxd7 12. O-O Bg6 13. b3 Be7 14.
Bb2 O-O 15. e4 dxe4 16. Bxe4 Bf6 17. Rad1 Rfd8 18. Qe2 Bxe4 19. Qxe4 Qc7 20.
Rd3 Rd7 21. Rfd1 Rad8 22. h3 g6 23. Bc1 Qa5 24. a4 Qf5 25. Qxf5 gxf5 26. Be3 b5
27. axb5 axb5 28. Kf1 bxc4 29. bxc4 h5 30. Ke2 Kh7 31. g3 Kg6 32. h4 Bg7 33.
R3d2 Bf6 {1/2-1/2 Khalifman,A-Kasparov,G/Moscow 2002/CBM 90 (33).}) 7... Ra7 {
Natürlicher sieht 7...Dc7 aus. Mit diesem Zug gibt es eine berühmte
Vorgängerpartie:} (7... Qc7 8. cxd5 cxd5 9. Nc3 e6 10. Bd2 Bd6 (10... Nbd7 11.
Rc1 Qb8 12. f4 Be7 13. a4 O-O 14. Bd3 $14 {0-1 Kraeussling,A-Wachinger,G/Bad
Neustadt 1992/EXT 99 (43). (43)}) 11. Rc1 Nc6 12. Na4 (12. f4 {kommt in
Betracht.}) 12... O-O (12... Bxe5 13. dxe5 Nd7 {ist eine solide Fortsetzung.})
13. Nxc6 bxc6 14. Qb6 Qe7 15. Bd3 (15. Bxa6 Ne4 {überläßt dem Schwarzen eine
gefährliche Initiative.}) 15... Bg6 16. Bxg6 fxg6 17. f3 Ne4 18. fxe4 Qh4+ 19.
g3 ({Nach} 19. Kd1 {hat Schwarz wohl nicht mehr als Unentschieden:} Qg4+ 20.
Kc2 Qxe4+ 21. Kd1 Rab8 22. Qxc6 (22. Qxa6 {ist schwächer; Schwarz gewinnt mit}
Ra8 {den Springer auf a4, denn} 23. Qxc6 Qg4+ 24. Ke1 Qxg2 {ist fatal für Weiß.
}) (22. Qa5 {ist jedoch spielbar.}) 22... Qg4+ 23. Ke1 Qxg2 24. Qxd6 Qxh1+ 25.
Ke2 Qf3+ 26. Kd3 Qe4+ 27. Ke2 $11 (27. Kc3 {sieht riskanter aus:} e5 28. b3
exd4+ 29. exd4 Rbe8 {usw.})) 19... Qxe4 20. Ke2 Qg2+ 21. Kd3 Rf2 22. Qa5 Rb8
23. a3 Bc7 24. Qxc7 Rxd2+ 25. Kc3 Rdxb2 {0-1 Azmaiparashvili,Z-Kasparov,G/
Crete 2003/CBM 098/[Huebner,R] (25).}) 8. cxd5 cxd5 9. Nc3 {Dies ist ein neuer
Zug. Gespielt wurde} (9. Bd2 e6 10. Nc3 Be7 11. Bd3 O-O 12. O-O Nbd7 13. Nxd7 (
13. f4 {sieht etwas energischer aus.}) 13... Nxd7 (13... Qxd7 14. a4 Bg6 15.
Bxg6 hxg6 16. Rfc1 Rc8 $11) 14. Rfc1 Bd6 15. Bf1 Qe7 16. e4 $14 {Illescas
Cordoba,M-Nakamura, H, Pamplona 2003. Der Unterschied scheint mir nicht
wesentlich zu sein.}) 9... e6 10. Bd3 Nbd7 11. f4 Be7 12. O-O O-O 13. Bd2 Nxe5
{Dies ist eine interessante Fortsetzung. Schwarz versucht, den Druck des
Weißen mit einfachsten Mitteln zu neutralisieren: er tauscht, was er kann.} 14.
fxe5 Nd7 15. Ne2 Bg6 ({Die Fortsetzung} 15... Bxe2 16. Bxe2 f5 17. g4 {ist
unbequem für Schwarz.}) 16. Bxg6 hxg6 17. Rac1 {Auf der c-Linie hat der Turm
meines Erachtens nichts zu suchen; Turmverdoppelung auf der f-Linie ist der
plausibelste Plan, eingeleitet durch} (17. Nf4) 17... Nb8 18. Nf4 Nc6 19. Qd1
Bg5 20. Qg4 Bh6 21. h4 a5 {Schwarz möchte offenbar die Möglichkeit zu Sc6-e7
haben, ohne durch Ld2-b4 gestört zu werden; aber Sc6-e7 ist ohnehin nicht Teil
des richtigen Verteidigungsplanes.} (21... g5 {wird mit} 22. Nxe6 fxe6 23.
Rxf8+ Qxf8 (23... Kxf8 24. Qxe6 Ne7 25. Bb4 {ist ganz hoffnungslos für Schwarz.
}) 24. hxg5 {widerlegt.}) (21... Ra8 {ist angewiesen; der Vorteil des Weißen
dürfte nicht allzu bedeutend sein.}) 22. h5 Bxf4 $2 {Hiernach dürfte der
Angriff des Weißen entscheidende Kraft gewinnen. Meines Erachtens muß sich
Schwarz seinen Läufer zu nächst unbedingt erhalten.} ({Nach} 22... gxh5 23.
Qxh5 (23. Nxh5 {wird mit} Qg5 {befriedigend pariert.}) 23... Qe8 24. Rf3 (24.
Qg4 f5 25. exf6 Rxf6 {führt zu einer für Schwarz befriedigenden Stellung.})
24... Ra8 25. Rcf1 Bxf4 26. Rxf4 f5 {behält Schwarz gute Rettungsaussichten.})
23. Rxf4 Ne7 24. Rf3 Qd7 25. Rcf1 Raa8 (25... Qb5 {bringt ebensowenig Rettung:}
26. Rh3 Qd3 27. hxg6 Nxg6 28. Qh5 Re8 29. Qh7+ Kf8 30. Rg3 Ke7 31. Qxg7 Nh8 32.
Be1 Kd7 33. Rh3 {, und Schwarz wird nicht mehr lange leben.}) 26. Rh3 Nf5 $6 {
Schwarz beschleunigt sein Ende, aber die Stellung ist ohnehin verloren, zum
Beispiel} (26... b6 27. Qg5 Qd8 ({Auf} 27... Rac8 {folgt} 28. h6 {, und Weiß
gewinnt.}) 28. hxg6 fxg6 29. Rxf8+ Qxf8 30. Qh4 {, und Schwarz kann
Figurenverlust nicht mehr vermeiden.}) 27. hxg6 Qe8 28. Rxf5 exf5 29. Rh8+ 1-0

[Event "FRA-ch"]
[Site "Narbonne"]
[Date "1997.08.25"]
[Round "10"]
[White "Anic, Darko"]
[Black "Hauchard, Arnaud"]
[Result "1/2-1/2"]
[WhiteElo "2445"]
[BlackElo "2485"]
[Annotator "Huebner,R"]
[PlyCount "78"]
[EventDate "1997.08.15"]
[EventType "tourn"]
[EventRounds "15"]
[EventCountry "FRA"]
[EventCategory "9"]
[SourceTitle "CBM 061"]
[Source "ChessBase"]
[SourceDate "1997.11.23"]
[SourceVersion "1"]
[SourceVersionDate "1997.11.23"]
[SourceQuality "1"]

1. Nf3 d5 2. d4 c6 3. c4 dxc4 4. a4 Bg4 (4... b5 5. b3 (5. axb5 cxb5 6. e3 Qb6
7. b3 cxb3 8. Qxb3 b4 9. Qd5 Bb7 10. Bb5+ Bc6 11. Ne5 Bxb5 12. Qxf7+ Kd8 13.
Qxf8+ Kc7 14. Qxg7 Qf6 15. Qg3 Kb7 16. Nd2 {1-0 Acebal,A-Gil Reguera,J/ESP-ch
1989/EXT 89ch}) 5... cxb3 6. axb5 Nf6 7. e3 e6 8. Qxb3 cxb5 9. Bxb5+ Bd7 10.
Ne5 Bd6 11. Ba3 Bxa3 12. Nxd7 Nbxd7 13. Qxa3 Qe7 14. O-O Qxa3 15. Rxa3 a5 16.
Nd2 Ke7 17. Rfa1 Rhb8 18. Rxa5 Rxa5 19. Rxa5 Nd5 20. g3 Rc8 21. Ra7 Rc7 22.
Rxc7 Nxc7 23. Bd3 h6 24. Nc4 Nd5 25. Kf1 N5b6 26. Nxb6 Nxb6 27. Bc2 Kd6 28. Bb3
f6 29. Ke2 Na8 30. Kf3 f5 31. g4 fxg4+ 32. Kxg4 Ke7 33. e4 Nc7 34. Bc4 g6 35.
h4 Ne8 36. e5 Kf7 37. f4 Ng7 38. Bd3 Nh5 39. d5 exd5 40. Bxg6+ Kxg6 41. f5+ {
1-0 Ilic,D-Hein,J/Badenweiler op 1988/GER 04}) (4... e6 5. Qc2 (5. a5 c5 6.
Qa4+ Bd7 7. Qxc4 cxd4 8. Nxd4 Na6 9. Bd2 Rc8 10. Qb3 Nc5 11. Qd1 Nf6 12. e3 e5
13. Nf3 Bd6 14. Bc3 Qe7 15. Be2 O-O 16. Nbd2 Nce4 17. Nc4 Bb4 18. Qb3 Bxc3+ 19.
bxc3 Nc5 {Prihastomo,I-Tu Hoang Thong/Pools 2nd 1997/EXP 58/0-1 (49)}) 5... b5
6. g3 Bb7 7. Bg2 Nd7 8. O-O Ngf6 9. e4 Be7 10. Nc3 b4 11. e5 bxc3 12. exf6 Nxf6
13. Qxc3 c5 14. dxc5 Bd5 15. Be3 O-O 16. Ne5 Bxg2 17. Kxg2 Qd5+ 18. f3 Bxc5 19.
Nxc4 Rac8 20. b3 Qb7 21. Bxc5 Rxc5 22. Rad1 h6 23. Rf2 Rb8 24. Rd3 Rd5 25. Rfd2
h5 26. Ne3 Rxd3 27. Rxd3 Qe7 {1/2-1/2 Lastin,A-Sotnikov,I/RUS-chJ U20 1996/CBM
54}) (4... Bf5 5. Na3 Qd5 6. e3 Bd3 7. Bxd3 cxd3 8. Qxd3 Nf6 9. O-O Nbd7 10.
Nc4 e6 11. Bd2 Ne4 12. Rfc1 Be7 13. b4 O-O 14. Rab1 Rac8 15. Be1 Rfd8 16. Qe2
g5 17. h3 Nb6 18. Nb2 Kg7 19. a5 Nd7 20. Na4 Rh8 21. Nc5 Rb8 22. a6 b6 23. Nxd7
Qxd7 24. Ne5 Qe8 25. Nxc6 Ra8 26. b5 h5 27. f3 Nd6 28. e4 Qd7 {1-0 Konopka,
M-Drtina,M/Trnava op 1990/EXT 90op}) 5. Ne5 Bh5 6. Nc3 Nd7 7. Nxc4 Nb6 8. Ne5
Nd7 9. Nd3 Bg6 {Dies scheint mir zur Zeit unnötig zu sein. Es ist wichtig,
rechtzeitig a7-a5 zu spielen.} 10. g3 Ngf6 11. Bg2 e6 12. O-O Bd6 $2 (12... a5
{scheint mir stärker zu sein. Der Königsläufer steht im allgemeinen auf e7
besser als auf d6.}) 13. a5 Rc8 (13... O-O 14. a6 {ist natürlich ungünstig für
Schwarz.}) (13... a6 14. Bf4 Qc7 (14... Qe7 15. Ne5 {ist noch weniger
erstrebenswert für Schwarz.}) 15. b4 Bxd3 16. Bxd6 Qxd6 17. Qxd3 {überläßt dem
Weißen positionellen Vorteil. Dennoch gefällt mir 13...a6 besser als 13...Tc8,
weil es zumindest den Punkt c6 dauerhaft befestigt.}) 14. Bf4 Qe7 (14... Qc7
15. a6 b6 16. Rc1 {sieht auch nicht angenehm für Schwarz aus.}) 15. Bxd6 $6 (
15. Ne5 {gefällt mir besser.}) 15... Qxd6 16. Nf4 Qb4 17. e4 $2 {Dies scheint
mir strategisch verdächtig zu sein. Weiß wird den Läufer auf g6 doch mit dem
Springer nehmen wollen; der Textzug schwächt nur den Punkt d4 und schließt 
(wenigstens augenblicklich) die Diagonale des Läufers auf g2. Der Bauer gehört
nach e3.} O-O 18. Ra4 Qxb2 (18... Qe7 {führte zu sorgenfreiem Spiel für
Schwarz. Der Textzug ist indessen nicht schlecht.}) 19. Nxg6 hxg6 20. Qd3 b5 {
Nur so kann Schwarz seine Dame retten.} 21. Rb1 ({Die Fortsetzung} 21. axb6
Qxb6 {verspricht dem Weißen natürlich keine Gewinnaussichten, war aber im
Ausgleichssinne sicherer.}) 21... Qxb1+ 22. Qxb1 bxa4 23. Nxa4 c5 $6 (23... e5
{lohnte meines Erachtens einen Versuch. Die Stellung erhält einen sehr offenen
Charakter; Schwarz hat gute Aussichten, seine Türme zu aktivieren und
gefährliches Spiel gegen den König des Weißen zu erhalten, zum Beispiel} 24.
dxe5 Nxe5 25. Nc5 Rb8 {usw.}) 24. e5 {Jetzt dringt die Dame des Weißen mit
guter Wirkung in die Stellung des Gegners ein.} Nd5 25. Bxd5 exd5 26. Qb7 Rfd8
27. Qxa7 Ra8 28. Qc7 cxd4 29. Nb6 Nxb6 30. axb6 Rac8 31. Qe7 Re8 32. Qd7 d3 33.
Kf1 Red8 34. Qe7 Re8 35. Qd7 Red8 36. Qe7 Re8 37. Qd7 Red8 38. Qe7 Re8 39. Qd7
Red8 1/2-1/2

[Event "Interpolis"]
[Site "Tilburg"]
[Date "1992.10.11"]
[Round "2.1"]
[White "Goldin, Alexander"]
[Black "Jussupow, Artur"]
[Result "1/2-1/2"]
[WhiteElo "2575"]
[BlackElo "2640"]
[Annotator "Jussupow,A"]
[PlyCount "39"]
[EventDate "1992.10.08"]
[EventType "k.o."]
[EventRounds "7"]
[EventCountry "NED"]
[SourceTitle "CBM 032"]
[Source "ChessBase"]
[SourceDate "1993.02.01"]
[SourceVersion "1"]
[SourceVersionDate "1993.02.01"]
[SourceQuality "1"]

1. d4 {Hertneck} d5 2. c4 c6 3. Nf3 Nf6 4. Qc2 g6 5. Bf4 dxc4 {-D11/(37)} (5...
Bf5 {-D11/07}) (5... Na6) (5... Qa5+ {D11/(37)}) 6. Qxc4 Bg7 7. e3 $146 (7. Nc3
{-ECO D96/01}) (7. Nbd2 Bf5 8. e3 O-O 9. Be2 Nbd7 10. h3 c5 (10... Ne4 11. Nxe4
Bxe4 12. O-O Bxf3 13. Bxf3 e5 $10 {Hertneck CBM}) 11. O-O (11. dxc5 Nh5 12. Nd4
Nxf4 13. exf4 Rc8 $13 {Hertneck CBM}) 11... Rc8 12. Qa4 a6 13. Rac1 Qb6 $2 (
13... Ne4 {Hertneck CBM}) (13... cxd4 14. exd4 {Konikowski, Schulenberg} (14.
Nxd4 Bxh3 15. gxh3 e5)) 14. e4 Nxe4 15. Nxe4 Bxe4 16. Qxd7 $16 {Bareev,
E-Kamsky,G/Dortmund/1992/}) (7. Nc3 {Hertneck} O-O 8. e4 b5 9. Qb3 Qa5 $13 {
Miles-Kasparov, Basel 1986}) 7... O-O 8. Be2 Be6 (8... Bf5 9. Nc3 $5) 9. Qc1
Nbd7 10. O-O c5 11. Nc3 Nd5 (11... Rc8 $5 12. Qd2 (12. Rd1 Nd5 (12... cxd4 13.
Nxd4 Qb6 $15)) 12... cxd4 13. Nxd4 Bc4 $10) 12. Rd1 Rc8 (12... Nxf4 13. exf4
cxd4 (13... Qa5 {Hertneck} 14. d5 Bg4 15. h3 Bxf3 16. Bxf3 $14) 14. Nxd4 $14)
13. Nxd5 Bxd5 14. dxc5 Nxc5 (14... Rxc5 15. Qd2 $14) 15. Bc4 Nd3 $1 (15... e6
16. Bxd5 exd5 17. Qd2 $14) 16. Rxd3 Rxc4 17. Qd2 (17. Qd1 Bxf3 $15) 17... e6
18. Be5 Qc8 (18... Qe7 $5 19. Bxg7 Kxg7 $15) (18... Rg4 $2 19. Bxg7 Bxf3 20.
Rxd8 Rxg2+ 21. Kf1 Rxh2 22. Rxf8+ Kxg7 23. Qd4+ $18) 19. Bxg7 Kxg7 20. Ne1 $1
$10 1/2-1/2